000 00676nam a2200193Ii 4500
003 JO-AjNU
008 230605s9999||||xx |||||||||||||| ||und||
040 _aJO-AjNU
_bara
_erda
_cJO-AjNU
041 _aara
050 1 4 _aP90.A2257 1985
100 3 _aتأليف حمزة، عبد اللطيف ,
_eauthor
_937027
245 0 0 _aالاعلام لتاريخة ومذاهبة
264 3 1 _aالقاهرة:دار الفكر العربي,1985
300 _a207ص
336 _atext
_btxt
_2rdacontent
337 _aunmediated
_bn
_2rdamedia
338 _avolume
_bnc
_2rdacarrier
650 4 _aالإعلام-الإعلام في الاسلام-الإعلام ومذاهبة
_937028
999 _aA15435
_c19003
_d19003